Statistics for Top 20 Highest Grossing Hip-Hop Artists 2016

Click here to take the quiz!

General Stats

  • This quiz has been taken 644 times
  • The average score is 9 of 21

Answer Stats

# Amount of $ Made Artist % Correct
4$38,500,000Drake
88%
2$53,500,000Jay-Z
86%
11$17,500,000Kanye West
81%
18$11,000,000Eminem
77%
9$18,500,000Kendrick Lamar
72%
14$14,000,000Lil' Wayne
64%
3$41,000,000Dr. Dre
58%
14$14,000,000J. Cole
51%
6$20,500,000Nicki Minaj
51%
1$62,000,000Diddy
49%
17$12,500,000Snoop Dogg
46%
13$14,500,000A$AP Rocky
25%
12$15,000,000DJ Khaled
24%
5$24,000,000Wiz Khalifa
24%
20$10,000,000Rick Ross
23%
10$18,000,000Birdman
20%
20$10,000,000Ludacris
14%
7$20,000,000Pitbull
12%
14$14,000,000Macklemore & Ryan Lewis
12%
8$19,500,000Pharrell Williams
9%
19$10,500,000Swizz Beatz
2%

Score Distribution

Percentile by Number Answered

Percent of People with Each Score

Your Score History

You have not taken this quiz